000
00294nam a2200133Ia 4500
008
191201s2008 xx 000 0 und d
100
_a
DORNBUSCH, Rudiger
245
0
_a
Macroeconomic
250
_a
Rep
260
_a
N. delhi
_b
TMH
_c
2008
300
_a
613
650
_a
BBA
942
_2
ddc
_c
BK
_0
1
999
_c
4547
_d
4547